El anticristo / (Record no. 90851)

MARC details
000 -LEADER
campo de control de longitud fija 00903cam a2200313M 4500
001 - NÚMERO DE CONTROL
campo de control 97935
005 - FECHA Y HORA DE LA ÚLTIMA TRANSACCIÓN
campo de control 20230410132944.0
008 - DATOS DE LONGITUD FIJA--INFORMACIÓN GENERAL
campo de control de longitud fija 950913s1980 mx 000 0 spa d
035 ## - NÚMERO DE CONTROL DEL SISTEMA
Número de control de sistema (OCoLC)ocn651214716
040 ## - FUENTE DE CATALOGACIÓN
Centro catalogador/agencia de origen BNMEX
Lengua de catalogación spa
Centro/agencia transcriptor BNMEX
020 ## - NÚMERO INTERNACIONAL ESTÁNDAR DEL LIBRO
Número Internacional Estándar del Libro 9681500024
020 ## - NÚMERO INTERNACIONAL ESTÁNDAR DEL LIBRO
Número Internacional Estándar del Libro 9789681500023
035 ## - NÚMERO DE CONTROL DEL SISTEMA
Número de control de sistema (OCoLC)651214716
041 1# - CÓDIGO DE IDIOMA
Código de lengua del texto/banda sonora o título independiente spa
Código de lengua original ger
049 ## - FONDOS LOCALES (OCLC)
Biblioteca depositaria GRAL
050 14 - SIGNATURA TOPOGRÁFICA DE LA BIBLIOTECA DEL CONGRESO
Número de clasificación B 3313
Número de ítem N677a 1980
100 1# - ENTRADA PRINCIPAL--NOMBRE DE PERSONA
Nombre de persona Nietzsche, Friedrich Wilhelm,
Fechas asociadas al nombre 1844-1900.
245 13 - MENCIÓN DEL TÍTULO
Título El anticristo /
Mención de responsabilidad, etc. Federico Nietzsche ; tr. por P. Krauss.
250 ## - MENCION DE EDICION
Mención de edición 6a ed.
260 ## - PUBLICACIÓN, DISTRIBUCIÓN, ETC.
Lugar de publicación, distribución, etc. México :
Nombre del editor, distribuidor, etc. Editores Mexicanos Unidos,
Fecha de publicación, distribución, etc. 1980.
300 ## - DESCRIPCIÓN FÍSICA
Extensión 145 p. ;
Dimensiones 19 cm.
500 ## - NOTA GENERAL
Nota general Traducido de: Antichrist.
650 #0 - PUNTO DE ACCESO ADICIONAL DE MATERIA--TÉRMINO DE MATERIA
Término de materia o nombre geográfico como elemento de entrada Christianity
Subdivisión de forma Controversial literature.
650 #4 - PUNTO DE ACCESO ADICIONAL DE MATERIA--TÉRMINO DE MATERIA
Término de materia o nombre geográfico como elemento de entrada Cristianismo
Subdivisión de forma Obras polémicas.
650 #8 - PUNTO DE ACCESO ADICIONAL DE MATERIA--TÉRMINO DE MATERIA
Término de materia o nombre geográfico como elemento de entrada Cristianismo.
700 12 - ENTRADA AGREGADA--NOMBRE PERSONAL
Nombre de persona Krauss, P.,
Término indicativo de función/relación tr.
942 ## - ELEMENTOS DE ENTRADA SECUNDARIOS (KOHA)
Fuente del sistema de clasificación o colocación Clasificación de Library of Congress
Tipo de ítem Koha
994 ## -
-- C0
-- DRFGD
Holdings
Estatus retirado Estado de pérdida Fuente del sistema de clasificación o colocación Estado de daño No para préstamo Colección Biblioteca de origen Biblioteca actual Ubicación en estantería Fecha de adquisición Signatura topográfica completa Código de barras Visto por última vez Copia número Tipo de ítem Koha
    Clasificación de Library of Congress     Humanidades Biblioteca Juan Bosch Biblioteca Juan Bosch Humanidades (4to. Piso) 10/04/2023 B 3313 N677a 1980 00000083932 17/11/2018 1